I hate English! / (Record no. 13)

MARC details
000 -LEADER
fixed length control field 01043cam a2200313 a 4500
001 - CONTROL NUMBER
control field 1022310
003 - CONTROL NUMBER IDENTIFIER
control field FISKH
005 - DATE AND TIME OF LATEST TRANSACTION
control field 20250820082029.0
008 - FIXED-LENGTH DATA ELEMENTS--GENERAL INFORMATION
fixed length control field 881201s1989 nyua j 000 1 eng
010 ## - LIBRARY OF CONGRESS CONTROL NUMBER
LC control number 88038265
040 ## - CATALOGING SOURCE
Original cataloging agency DLC
Transcribing agency DLC
Modifying agency DLC
-- OCoLC
042 ## - AUTHENTICATION CODE
Authentication code lcac
050 00 - LIBRARY OF CONGRESS CALL NUMBER
Classification number PZ7
Item number .L57833 Iac 1989
082 00 - DEWEY DECIMAL CLASSIFICATION NUMBER
Classification number 791.43
Edition number 19
100 1# - MAIN ENTRY--PERSONAL NAME
Personal name Levine, Ellen.
Dates associated with a name 1939-2012
245 10 - TITLE STATEMENT
Title I hate English! /
Statement of responsibility, etc. by Ellen Levine ; illustrated by Steve Björkman.
260 ## - PUBLICATION, DISTRIBUTION, ETC.
Place of publication, distribution, etc. New York :
Name of publisher, distributor, etc. Scholastic Inc.,
Date of publication, distribution, etc. c1989.
300 ## - PHYSICAL DESCRIPTION
Extent [32] p. :
Other physical details col. ill. ;
Dimensions 26 cm.
505 ## - FORMATTED CONTENTS NOTE
Formatted contents note K
520 ## - SUMMARY, ETC.
Summary, etc. When her family moves to New York from Hong Kong, Mei Mei finds it difficult to adjust to school and learn the alien sounds of English.
521 ## - TARGET AUDIENCE NOTE
Target audience note 490
Source Lexile
521 ## - TARGET AUDIENCE NOTE
Target audience note K
Source Raz-Paz
650 #1 - SUBJECT ADDED ENTRY--TOPICAL TERM
Topical term or geographic name entry element Chinese
Geographic subdivision United States
General subdivision Fiction.
650 #1 - SUBJECT ADDED ENTRY--TOPICAL TERM
Topical term or geographic name entry element Emigration and immigration
General subdivision Fiction.
650 #1 - SUBJECT ADDED ENTRY--TOPICAL TERM
Topical term or geographic name entry element English language
General subdivision Fiction.
700 1# - ADDED ENTRY--PERSONAL NAME
Personal name Björkman, Steve,
Relator term ill.
906 ## - LOCAL DATA ELEMENT F, LDF (RLIN)
a 7
b cbc
c orignew
d 1
e ocip
f 19
g y-gencatlg
942 ## - ADDED ENTRY ELEMENTS (KOHA)
Source of classification or shelving scheme Library of Congress Classification
Koha item type Books
Suppress in OPAC No
Holdings
Withdrawn status Lost status Source of classification or shelving scheme Damaged status Not for loan Collection Home library Current library Shelving location Date acquired Total Checkouts Full call number Barcode Date last seen Date last checked out Price effective from Koha item type Public note Copy number
Withdrawn   Dewey Decimal Classification     Juvenile Fiction Footprints International School Library Network Toul Kork Campus Footprints International School Library Network Toul Kork Campus TK Primary Library Room(4th Floor), Bookcase 1&2, Shelves 1-16, Dark Blue Books 01/03/2023 1 LEV 791.43 PZ7.L57833 Iac 1989 FISTK02469 03/05/2025 08/23/2023 01/03/2023 Books Lost and Paid  
    Dewey Decimal Classification     Juvenile Fiction Footprints International School Library Network Toul Tom Poung Campus Footprints International School Library Network Toul Tom Poung Campus TTP Primary Dark Blue Bookshelves 08/20/2025   LEV 791.43 PZ7.L57833 Iac 1989 FISBK01066 08/20/2025   08/20/2025 Books   2